000 00435pam a2200157a 44500
008 230515b1999 xxu||||| |||| 00| 0 eng d
020 _aNULL
041 _aENG
082 _aNULL
100 _aSTEIN B. & REYNOLDS J & MCGUINNESS W.
245 _aMECHANICAL AND ELECTRICAL EQUIPMENT FOR BUILDINGS 7TH ED - VOL II, PART 8 & 9
250 _a7TH
260 _aNULL
_bJOHN WILEY AND SONS
_c1999
300 _a1139-1453
650 _aNULL
999 _c479225
_d479225